| 000 | 00746nam a2200181 a 4500 | ||
|---|---|---|---|
| 005 | 20240221063803.0 | ||
| 008 | 991125s1982 mx 000 0 spa u | ||
| 035 | _aUPN01000000043 | ||
| 049 | _aCG | ||
| 050 | 4 |
_aH21 _bW6.3 |
|
| 111 | 2 |
_aWorld Congress of Sociology _n(10o : _d1982 aug. 16-21 : _cMéxico (Ciudad)) |
|
| 245 | 1 | 0 |
_a10th World congress of sociology = Décimo congreso mundial de sociología : _bsociologial theory and social practice = teoría sociológica y práctica social. |
| 260 |
_aMéxico : _bUNAM : _bInternational Sociological Association, _c1982. |
||
| 300 | _a216 p. | ||
| 650 | 4 |
_aSociología _vCongresos _916915 |
|
| 740 | 0 | _aDécimo congreso mundial de sociología : teoría sociológica y práctica social | |
| 905 | _aLibro | ||
| 999 |
_c43 _d43 |
||